[Event "WchT Seniors 65"]
[Site "Struga"]
[Date "2023.09.23"]
[Round "5.2"]
[White "Kiefer, Gerhard"]
[Black "Baarslag, Ed"]
[Result "1/2-1/2"]
[WhiteElo "2231"]
[BlackElo "2060"]
[PlyCount "79"]
[EventDate "2023.09.19"]
[EventType "team-swiss"]
[EventRounds "9"]
[EventCountry "MKD"]
[SourceTitle "EXT 2024"]
[Source "ChessBase"]
[SourceDate "2023.10.10"]
[SourceVersion "1"]
[SourceVersionDate "2023.10.10"]
[SourceQuality "1"]
[WhiteTeam "Germany 65"]
[BlackTeam "Netherlands Orange 65"]
[WhiteTeamCountry "GER"]
[BlackTeamCountry "NED"]

1. e4 c6 2. d4 d5 3. Nc3 dxe4 4. Nxe4 Nf6 5. Nxf6+ exf6 6. c3 Bd6 7. Bd3 0-0 8. Qc2 Re8+ 9. Ne2 h5 10. 0-0 h4 11. h3 Na6 12. Bd2 Nc7 13. a3 f5 14. Rae1 g6 15. Qc1 Ne6 16. Bc4 Be7 17. Nf4 Nxf4 18. Bxf4 Bd7 19. Re2 Bf6 20. Rfe1 Rxe2 21. Rxe2 Rc8 22. Be5 Bg5 23. Qd1 b5 24. Ba2 a5 25. Bd6 Be8 26. Qe1 Qxd6 27. Rxe8+ Rxe8 28. Qxe8+ Kg7 29. Qxf7+ Kh6 30. Qe8 Bc1 31. Qe2 Qf4 32. Bf7 Qe4 33. Qxe4 fxe4 34. Be8 Bxb2 35. Bxc6 Bxc3 36. d5 b4 37. axb4 Bxb4 38. Kf1 Kg5 39. d6 Bxd6 40. Bxe4 1/2-1/2

[Event "Vlissingen HZ op 24th"]
[Site "Vlissingen"]
[Date "2022.08.10"]
[Round "6"]
[White "Lacrosse, Marc"]
[Black "Baarslag, Ed"]
[Result "1/2-1/2"]
[WhiteElo "2023"]
[BlackElo "2172"]
[PlyCount "51"]
[EventDate "2022.08.06"]
[EventType "swiss"]
[EventRounds "9"]
[EventCountry "NED"]
[SourceTitle "CBM 209 Extra"]
[Source "ChessBase"]
[SourceDate "2022.09.30"]
[SourceVersion "1"]
[SourceVersionDate "2022.09.30"]
[SourceQuality "1"]

1. d4 d5 2. c4 e6 3. Nf3 Nf6 4. Nc3 a6 5. c5 b6 6. cxb6 c5 7. Qb3 Bd7 8. dxc5 Bxc5 9. Na4 Bxa4 10. Qxa4+ Nbd7 11. b7 Ra7 12. b4 Bb6 13. e3 a5 14. Bb2 Rxb7 15. Bb5 axb4 16. Bxf6 gxf6 17. 0-0 0-0 18. Qxb4 Bc5 19. Qg4+ Kh8 20. a4 f5 21. Qf4 Be7 22. Rac1 Bf6 23. Rc2 Bg7 24. Qd6 Ne5 25. Qxd8 Rxd8 26. Nxe5 1/2-1/2

[Event "Vlissingen HZ op 23rd"]
[Site "Vlissingen"]
[Date "2019.08.08"]
[Round "7"]
[White "Baarslag, Ed"]
[Black "Hausrath, Daniel"]
[Result "0-1"]
[WhiteElo "2193"]
[BlackElo "2467"]
[PlyCount "112"]
[EventDate "2019.08.03"]
[EventType "swiss"]
[EventRounds "9"]
[EventCountry "NED"]
[SourceTitle "CBM 191 Extra"]
[Source "ChessBase"]
[SourceDate "2019.09.30"]
[SourceVersion "1"]
[SourceVersionDate "2019.09.30"]
[SourceQuality "1"]

1. d4 Nf6 2. Nf3 b6 3. Bf4 Bb7 4. e3 Nh5 5. Bg5 h6 6. Bh4 g5 7. Nfd2 Ng7 8. Bg3 Nf5 9. Nf3 Nxg3 10. hxg3 e6 11. Nbd2 Bg7 12. Bd3 Qe7 13. g4 d6 14. Qe2 Nd7 15. Ne4 Rf8 16. Nfd2 a5 17. 0-0-0 Kd8 18. f3 Kc8 19. Ng3 Rd8 20. Kb1 Kb8 21. c4 c5 22. Be4 Ra7 23. Bxb7 Rxb7 24. Nde4 Rc7 25. Nc3 Rcc8 26. Nb5 Nf6 27. e4 cxd4 28. Nxd4 Ne8 29. Qd3 Qc7 30. Nh5 Be5 31. Rc1 Qc5 32. Nb3 Qb4 33. a3 Qa4 34. Qe3 Kb7 35. g3 Rxc4 36. Rxc4 Qxc4 37. Rc1 Qb5 38. Nd4 Bxd4 39. Qxd4 Rc8 40. Rxc8 Kxc8 41. Qh8 Kd7 42. Qc3 Ke7 43. Qe3 Qc5 44. Qd3 Nc7 45. Ka2 b5 46. Kb1 Qg1+ 47. Ka2 Qc1 48. b3 a4 49. bxa4 bxa4 50. f4 Qc5 51. f5 Nb5 52. Kb2 Qe5+ 53. Kc2 Nd4+ 54. Kd2 Nb3+ 55. Ke3 Qc5+ 56. Kf3 Nd4+ 0-1

[Event "Vlissingen HZ op 23rd"]
[Site "Vlissingen"]
[Date "2019.08.07"]
[Round "6"]
[White "Volkers, Annemarie"]
[Black "Baarslag, Ed"]
[Result "0-1"]
[WhiteElo "1966"]
[BlackElo "2193"]
[PlyCount "46"]
[EventDate "2019.08.03"]
[EventType "swiss"]
[EventRounds "9"]
[EventCountry "NED"]
[SourceTitle "CBM 191 Extra"]
[Source "ChessBase"]
[SourceDate "2019.09.30"]
[SourceVersion "1"]
[SourceVersionDate "2019.09.30"]
[SourceQuality "1"]

1. e4 g6 2. d4 c6 3. c4 d5 4. exd5 cxd5 5. Nc3 Nf6 6. Qb3 Bg7 7. cxd5 0-0 8. Be2 Na6 9. Bf3 e6 10. dxe6 Bxe6 11. Qxb7 Qa5 12. Qb5 Qxb5 13. Nxb5 Rab8 14. Na3 Nb4 15. Be2 Nxa2 16. Bd2 Ne4 17. Nf3 Nxd2 18. Nxd2 Bxd4 19. Nac4 Nb4 20. 0-0 Rfc8 21. Ra4 Rc7 22. b3 Nd5 23. g3 Nc3 0-1

[Event "Vlissingen HZ op 21st"]
[Site "Vlissingen"]
[Date "2017.08.11"]
[Round "8"]
[White "Baarslag, Ed"]
[Black "Bruggink, Tycho"]
[Result "1-0"]
[WhiteElo "2109"]
[BlackElo "1911"]
[PlyCount "71"]
[EventDate "2017.08.05"]
[EventType "swiss"]
[EventRounds "9"]
[EventCountry "NED"]
[SourceTitle "CBM 179 Extra"]
[Source "ChessBase"]
[SourceDate "2017.08.23"]
[SourceVersion "1"]
[SourceVersionDate "2017.08.23"]
[SourceQuality "1"]

1. d4 Nf6 2. c4 c5 3. Nf3 cxd4 4. Nxd4 d6 5. Nc3 g6 6. g3 Nc6 7. Bg2 Bd7 8. 0-0 Bg7 9. Nc2 0-0 10. b3 Qa5 11. Bd2 a6 12. Rb1 Qc7 13. Ne3 Rab8 14. a4 Nb4 15. a5 Bc6 16. Qe1 Bxg2 17. Kxg2 Nc6 18. Ncd5 Nxd5 19. Nxd5 Qd8 20. Nb6 Ne5 21. Be3 Nd7 22. Na4 Qc7 23. Qb4 Rbc8 24. Rfd1 Qc6+ 25. Kg1 Nc5 26. Nb6 Rb8 27. Nd5 Rfe8 28. Qb6 Ne4 29. Rbc1 Qxb6 30. Bxb6 e6 31. Nf4 Be5 32. Nd3 Bg7 33. f3 Nc3 34. Rd2 Bh6 35. e3 Bg7 36. Bd4 1-0

[Event "Vlissingen HZ op 21st"]
[Site "Vlissingen"]
[Date "2017.08.06"]
[Round "3"]
[White "Ernst, Sipke"]
[Black "Baarslag, Ed"]
[Result "1-0"]
[WhiteElo "2553"]
[BlackElo "2109"]
[PlyCount "43"]
[EventDate "2017.08.05"]
[EventType "swiss"]
[EventRounds "9"]
[EventCountry "NED"]
[SourceTitle "CBM 179 Extra"]
[Source "ChessBase"]
[SourceDate "2017.08.23"]
[SourceVersion "1"]
[SourceVersionDate "2017.08.23"]
[SourceQuality "1"]

1. b3 d5 2. Bb2 Nf6 3. e3 Bg4 4. f3 Bh5 5. Ne2 Nbd7 6. Nf4 e5 7. Nxh5 Nxh5 8. g3 Qg5 9. Nc3 c6 10. Qe2 0-0-0 11. 0-0-0 f5 12. f4 Qh6 13. fxe5 Nxe5 14. Nb5 Nd7 15. Nd4 Nxg3 16. hxg3 Qxh1 17. Nxc6 bxc6 18. Qa6+ Kb8 19. Bd4 c5 20. Bxg7 Be7 21. Bxh8 Rxh8 22. Bb5 1-0

[Event "WchT Seniors 50"]
[Site "Radebeul"]
[Date "2016.07.04"]
[Round "9.19"]
[White "Baarslag, Ed"]
[Black "Weichelt, Jens"]
[Result "1-0"]
[WhiteElo "2098"]
[BlackElo "2073"]
[PlyCount "73"]
[EventDate "2016.06.26"]
[EventType "team-swiss"]
[EventRounds "9"]
[EventCountry "GER"]
[SourceTitle "CBM 173 Extra"]
[Source "ChessBase"]
[SourceDate "2016.08.29"]
[SourceVersion "1"]
[SourceVersionDate "2016.08.29"]
[SourceQuality "1"]
[WhiteTeam "Oranje II"]
[BlackTeam "Heidenau"]
[WhiteTeamCountry "NED"]
[BlackTeamCountry "GER"]

1. d4 Nf6 2. c4 g6 3. Nc3 Bg7 4. e4 d6 5. f3 0-0 6. Be3 Nc6 7. Qd2 e5 8. d5 Ne7 9. g4 c6 10. Nge2 cxd5 11. cxd5 Kh8 12. Ng3 Neg8 13. h4 h5 14. Bg5 Qa5 15. gxh5 Nxh5 16. Nxh5 gxh5 17. Nb5 Qxd2+ 18. Kxd2 f6 19. Be3 Rd8 20. Nxa7 Bh6 21. Nb5 Bxe3+ 22. Kxe3 Ra6 23. a4 Bd7 24. b3 Bxb5 25. Bxb5 Raa8 26. Rhc1 Rac8 27. Bf1 Ne7 28. Bh3 Rxc1 29. Rxc1 Ng6 30. Rc7 Nxh4 31. a5 Rb8 32. b4 Ng6 33. Rc8+ Rxc8 34. Bxc8 h4 35. Kf2 h3 36. Bxb7 Nf4 37. Kg3 1-0